Tabasco : Comalcalco /

Furkejuvvon:
Bibliográfalaš dieđut
Materiálatiipa: Girji
Giella:espánnjágiella
Almmustuhtton: Tabasco, México : Gobierno del Estado de Tabasco, Secretaría de Fomento Industrial, Comercio y Turismo, Dirección de Turismo, fecha no identificada
Fáddágilkorat: Lasit fáddágilkoriid
Eai fáddágilkorat, Lasit vuosttaš fáddágilkora!

MARC

LEADER 00000nam^a2200000^a^4500
001 000625813
005 20260220000000.0
009 20260310134022.18
037 |a Acervo ITESO - Biblioteca 
041 |a ESP 
091 |a FOB. 03656 
245 0 0 |a Tabasco :  |b Comalcalco / 
264 1 |a Tabasco, México :  |b Gobierno del Estado de Tabasco, Secretaría de Fomento Industrial, Comercio y Turismo, Dirección de Turismo,  |c fecha no identificada 
300 |a 1 v. (sin paginación) 
336 |a texto  |b txt  |2 rdacontenido 
337 |a sin mediación  |b n  |2 rdamedio 
338 |a volumen  |b nc  |2 rdasoporte 
649 |a XX 
910 |a Fondo Carlos de Obeso Orendain 
920 |a Impresos - Libros 
930 |a Fondos Especiales 
905 |a 147 
901 |a 625813-10  |b IT2  |c ESP  |i D85950  |u 20251210 
902 |a https://opac.biblio.iteso.mx/vufind/Record/000625813